000
00301nam a22001337a 4500
008
190306b xxu||||| |||| 00| 0 eng d
020
_a
2900030242143
041
_a
eng
080
_2
9th
_a
339.138
100
_a
60
101
_a
MAR
245
_a
Contemporary Marketing
_c
Boone,L.E
942
_2
udc
_c
BK
999
_c
54604
_d
54604